| 000 | 00621 a2200181 4500 | ||
|---|---|---|---|
| 999 |
_c7827 _d7827 |
||
| 020 | _a9780273779865 | ||
| 050 | 0 | 0 | _aHG 4011 GIT 2013 |
| 100 | 1 |
_aGitman, Lawrence J. _eauthor |
|
| 245 | 1 | 0 |
_aPrinciples of managerial finance / _cLawrence J. Gitman and Chad J. Zutter. |
| 250 | _a13th ed. | ||
| 264 |
_aEngland : _bPearson Education Limited, _c2013 |
||
| 300 |
_a848p. _b ill. |
||
| 500 | _aIncludes bibliographical references and index | ||
| 504 | _aIncludes bibliographical references and index | ||
| 650 | 0 |
_aCorporations _xFinance. |
|
| 650 | 0 |
_aBusiness enterprises _xFinance. |
|
| 942 |
_2lcc _cBK _h4011 _iGIT _kHG _e13th |
||